=LDR 00000nam 2200000 4500 =001 INLIS00000000000031 =005 20260702043538 =020 ##$$a 978-623-928-734-4 =082 ##$$a 297.211 =100 1#$$a Muakhir, Ali =245 1 $$a Dijaga Allah Swt /$c Ali Muakhir =300 ##$$a 24 ; 18 x 18 cm